000 00741nam a2200253Ia 4500
003 OSt
005 20220927104055.0
006 a|||||r|||| 00| 0
007 ta
008 220926b |||||||| |||| 00| 0 eng d
024 _a93016
037 _cReference Collections
040 _aRTL
_cRTL
_beng
041 _2eng
_aeng
082 _a"X9(F55).1N6.N7, L8/UN"
110 _aORGANIZATION FOR COOPEARATION AND DEVELOPMENT.
_9362672
245 0 _aClean fuel supply
260 _aParis
_bOECD
_c1978
300 _a103p.
_ccm.
650 _aFuel
_9362673
700 _aORGANIZATION FOR COOPEARATION AND DEVELOPMENT.
_9362674
942 _h"X9(F55).1N6.N7, L8/UN"
_cCC
999 _c685383
_d685383